<?xml version="1.0" encoding="UTF-8"?>
<record
    xmlns:xsi="http://www.w3.org/2001/XMLSchema-instance"
    xsi:schemaLocation="http://www.loc.gov/MARC21/slim http://www.loc.gov/standards/marcxml/schema/MARC21slim.xsd"
    xmlns="http://www.loc.gov/MARC21/slim">

  <leader>01672nam a22001697a 4500</leader>
  <controlfield tag="005">20241014160941.0</controlfield>
  <controlfield tag="008">241014b        |||||||| |||| 00| 0 eng d</controlfield>
  <datafield tag="040" ind1=" " ind2=" ">
    <subfield code="c">LDD</subfield>
  </datafield>
  <datafield tag="100" ind1=" " ind2=" ">
    <subfield code="a">Volpe, Donna et al.</subfield>
  </datafield>
  <datafield tag="245" ind1=" " ind2=" ">
    <subfield code="a">Reimagining Preservice Experiences for Aspiring Latino Teachers in the United States</subfield>
  </datafield>
  <datafield tag="260" ind1=" " ind2=" ">
    <subfield code="a">New York:Taylor &amp; Francis,2024</subfield>
  </datafield>
  <datafield tag="490" ind1=" " ind2=" ">
    <subfield code="a">Action in Teacher Education,46(2),97-113</subfield>
  </datafield>
  <datafield tag="500" ind1=" " ind2=" ">
    <subfield code="a">This study examines the significance of the world views and life experiences of preservice Latino teachers in the United States as they uncover their untapped potential to address the social, cultural, and political needs of a racially and ethnically diverse student population. Using a qualitative approach that includes in-depth individual interviews, we explore the relationships, goals, and insights of five Latino men studying teacher education. Specifically, we investigate their experiences, costs, and barriers as they constructed their biographies and developed pedagogical knowledge as burgeoning teachers. The participants share their relationships, commitments, and responsibilities in and out of school. They also spoke of multiple barriers that prevented them from entering the profession, including credentialing, low expectations for learning, and financial and familial obligations, among other concerns. Results are discussed with recommendations for reimagining teacher education programs in the United States to better support young men of color entering the teaching profession.</subfield>
  </datafield>
  <datafield tag="650" ind1=" " ind2=" ">
    <subfield code="a">Preservice, teachers of color, Hispanic male teacher education</subfield>
  </datafield>
  <datafield tag="856" ind1=" " ind2=" ">
    <subfield code="y">click here to online access</subfield>
  </datafield>
  <datafield tag="942" ind1=" " ind2=" ">
    <subfield code="2">ddc</subfield>
    <subfield code="c">ARTICLES</subfield>
    <subfield code="n">0</subfield>
  </datafield>
  <datafield tag="999" ind1=" " ind2=" ">
    <subfield code="c">174698</subfield>
    <subfield code="d">174698</subfield>
  </datafield>
  <datafield tag="952" ind1=" " ind2=" ">
    <subfield code="r">2024-10-14 16:09:59</subfield>
    <subfield code="l">0</subfield>
    <subfield code="w">2024-10-14</subfield>
    <subfield code="y">ARTICLES</subfield>
    <subfield code="1">0</subfield>
    <subfield code="2">ddc</subfield>
    <subfield code="4">0</subfield>
    <subfield code="7">0</subfield>
    <subfield code="0">0</subfield>
    <subfield code="a">LDD</subfield>
    <subfield code="b">LDD</subfield>
    <subfield code="d">2024-10-14</subfield>
  </datafield>
</record>
